| 000 | 00887nam a2200265 i 4500 | ||
|---|---|---|---|
| 001 | bg | ||
| 245 | 0 | 0 |
_aKonkurencyjność regionów / _cpod red. Mirosławy Klamut. |
| 250 | _aWyd.2 zm. | ||
| 260 |
_aWrocław : _bWydaw. Akademii Ekonomicznej im. Oskara Langego, _c1999. |
||
| 300 |
_a309 s. : _bmapy, wykr. ; _c24 cm. |
||
| 504 | _aBibliogr. s. 299-309. | ||
| 650 | 9 |
_aKonkurencja _xzagadnienia _zEuropa |
|
| 650 | 9 |
_aRegionalizacja gospodarcza _zPolska _yod 1989 r. |
|
| 650 | 9 |
_aRegionalizacja gospodarcza _xUnia Europejska |
|
| 655 | _aPodręczniki | ||
| 700 | 1 |
_aKLAMUT, Mirosława. _eRed. |
|
| 020 | _a8370114121 | ||
| 040 | _cBPK | ||
| 041 | 0 | _apl | |
| 080 | _a332.1:339.137:346.54](438:4-67)"1989/..."(07) | ||
| 920 | _a83-7011-412-1 | ||
| 942 | _cKS | ||
| 008 | s pl f |000 0 pol | ||
| 999 |
_c39102 _d39102 |
||
| 856 |
_uhttp://koha.tu.koszalin.pl/cgi-bin/koha/opac-detail.pl?biblionumber=39102 _yKatalog online BPK |
||